[Event "2BLS 1920 TSV Schönaich - SV 1947 Wall"]
[Site "?"]
[Date "2020.02.08"]
[Round "7.3"]
[White "Tompa, Janos"]
[Black "Plenca, Jadranko"]
[Result "0-1"]
[WhiteElo "2339"]
[BlackElo "2463"]
[PlyCount "150"]
[EventDate "2020.??.??"]

1. e4 e5 2. Nf3 Nc6 3. d4 exd4 4. Nxd4 Bb4+ 5. c3 Be7 6. Nxc6 bxc6 7. Bd3 d6 8.
O-O Nf6 9. Nd2 O-O 10. h3 c5 11. Re1 Bb7 12. Rb1 Re8 13. b4 Nd7 14. Nc4 Rb8 15.
Bf4 Bf6 16. Qc2 g6 17. Be3 Bg5 18. f4 Bh4 19. Bf2 Bxf2+ 20. Qxf2 Qf6 21. Rbc1
Ba8 22. a3 d5 23. Nd2 Qb6 24. exd5 Bxd5 25. Be4 c6 26. Bxd5 cxd5 27. Nb3 c4 28.
Qxb6 axb6 29. Nd4 Nf6 30. g4 Ne4 31. Nb5 Rbd8 32. Rcd1 Re7 33. Kg2 Kf8 34. Re2
h6 35. Re3 Red7 36. Kf3 Re8 37. Kg2 Ke7 38. Kf3 Kd8 39. Kg2 Kc8 40. Re2 Kb7 41.
Re3 Ree7 42. Rde1 f5 43. Nd4 fxg4 44. hxg4 h5 45. Nf3 hxg4 46. Ne5 Rd8 47. Nxg4
Rf8 48. Rf3 Ref7 49. Ne3 Nxc3 50. Nxc4 dxc4 51. Rxc3 Rxf4 52. Re7+ Ka6 53. Kg3
Rd4 54. a4 Rfd8 55. Kf2 Rd2+ 56. Re2 Rxe2+ 57. Kxe2 Rd4 58. Rg3 Rd6 59. Rg4 b5
60. a5 c3 61. Rg5 c2 62. Rc5 Rd4 63. Rc6+ Kb7 64. Rxc2 Rxb4 65. Rc5 Ka6 66. Rg5
Rd4 67. Rxg6+ Kxa5 68. Rg1 b4 69. Ra1+ Kb5 70. Ke3 Rd8 71. Ra7 b3 72. Rb7+ Kc4
73. Ke2 Kc3 74. Rc7+ Kb2 75. Rb7 Kc2 0-1

[Event "2BLS 1920 TSV Schönaich - SV 1947 Wall"]
[Site "?"]
[Date "2020.02.08"]
[Round "7.4"]
[White "Saric, Ante"]
[Black "Gschnitzer, Oswald"]
[Result "1-0"]
[WhiteElo "2531"]
[BlackElo "2359"]
[PlyCount "69"]
[EventDate "2020.??.??"]

1. Nf3 c5 2. b3 Nf6 3. Bb2 g6 4. c4 Bg7 5. g3 O-O 6. Bg2 Nc6 7. O-O d5 8. cxd5
Nxd5 9. Bxg7 Kxg7 10. d4 cxd4 11. Nxd4 Ndb4 12. Nxc6 Nxc6 13. Bxc6 bxc6 14. Nc3
Bh3 15. Qxd8 Rfxd8 16. Rfd1 Rac8 17. f3 Be6 18. Rxd8 Rxd8 19. Kf2 c5 20. Ne4 c4
21. b4 Bf5 22. Rc1 Bxe4 23. fxe4 Rd2 24. a4 Rd4 25. Ke3 e5 26. Rc3 h5 27. b5
Kf6 28. a5 Ke6 29. a6 Kd6 30. b6 Kc5 31. b7 Rd8 32. Rc1 Rb8 33. Rb1 Kc6 34. Kd2
Kc5 35. Kc3 {ZÜ} 1-0

[Event "2BLS 1920 TSV Schönaich - SV 1947 Wall"]
[Site "?"]
[Date "2020.02.08"]
[Round "7.5"]
[White "Vonthron, Horst"]
[Black "Wenninger, Philipp"]
[Result "1/2-1/2"]
[WhiteElo "2356"]
[BlackElo "2377"]
[PlyCount "61"]
[EventDate "2020.??.??"]

1. d4 d5 2. c4 c6 3. Nf3 Nf6 4. Qc2 dxc4 5. Qxc4 Bg4 6. Nc3 Nbd7 7. Bf4 Nb6 8.
Qd3 Nbd5 9. Nxd5 Nxd5 10. Bd2 e6 11. a3 Bxf3 12. gxf3 Qb6 13. e4 Nf6 14. Qc3
O-O-O 15. Be3 Qc7 16. b4 Kb8 17. Bd3 Be7 18. Ke2 Nh5 19. b5 cxb5 20. Qxc7+ Kxc7
21. Bxb5 Kb8 22. a4 Rc8 23. Rhc1 g5 24. Rxc8+ Rxc8 25. Rc1 Nf4+ 26. Bxf4+ gxf4
27. Rxc8+ Kxc8 28. e5 f6 29. Kd3 fxe5 30. dxe5 Ba3 31. Ke4 1/2-1/2

[Event "2BLS 1920 TSV Schönaich - SV 1947 Wall"]
[Site "?"]
[Date "2020.02.08"]
[Round "7.6"]
[White "Plenca, Julijan"]
[Black "Faerber, David"]
[Result "1/2-1/2"]
[WhiteElo "2418"]
[BlackElo "2331"]
[PlyCount "98"]
[EventDate "2020.??.??"]

1. e4 c6 2. d4 d5 3. exd5 cxd5 4. c4 Nf6 5. Nc3 Nc6 6. Bg5 e6 7. Nf3 Be7 8. Bd3
dxc4 9. Bxc4 a6 10. O-O O-O 11. Rc1 b5 12. Bd3 Bb7 13. Bb1 Rc8 14. Re1 Nb4 15.
Ne5 Nc6 16. Qd3 Nxe5 17. dxe5 Qxd3 18. Bxd3 Rfd8 19. Rcd1 Nd5 20. Bxe7 Nxe7 21.
a3 Kf8 22. f3 Nc6 23. Be4 Na5 24. Rxd8+ Rxd8 25. Bxb7 Nxb7 26. Ne4 Rc8 27. b4
Ke7 28. Kf2 f6 29. exf6+ gxf6 30. g4 h6 31. Kg3 a5 32. bxa5 Nxa5 33. Rb1 f5 34.
gxf5 exf5 35. Rxb5 fxe4 36. Rxa5 exf3 37. Kxf3 Kf6 38. Kg4 Kg6 39. Ra6+ Kg7 40.
Ra4 Rc3 41. h4 Kg6 42. Ra6+ Kg7 43. Ra5 Kg6 44. h5+ Kf6 45. Rf5+ Kg7 46. a4
Rc4+ 47. Rf4 Rc5 48. Rb4 Rg5+ 49. Kh4 Ra5 1/2-1/2

[Event "2BLS 1920 TSV Schönaich - SV 1947 Wall"]
[Site "?"]
[Date "2020.02.08"]
[Round "7.7"]
[White "Mueller, Olaf"]
[Black "Lorscheid, Gerhard"]
[Result "0-1"]
[WhiteElo "2330"]
[BlackElo "2227"]
[PlyCount "120"]
[EventDate "2020.??.??"]

1. e4 d6 2. d4 Nf6 3. Nc3 e5 4. Nf3 Nbd7 5. Bc4 Be7 6. O-O O-O 7. a4 c6 8. Re1
b6 9. Bg5 a6 10. d5 c5 11. Nd2 Ne8 12. Bxe7 Qxe7 13. Bf1 Nc7 14. Nc4 Rb8 15.
Qd2 Rd8 16. Rab1 Nf6 17. b4 cxb4 18. Rxb4 b5 19. axb5 axb5 20. Na3 Bd7 21.
Ncxb5 Na6 22. Rbb1 Bxb5 23. Nxb5 Nc5 24. f3 Ra8 25. Ra1 Rdb8 26. Qe3 Qd7 27.
Nc3 Rxa1 28. Rxa1 h5 29. Ra2 Kh7 30. h3 g6 31. Be2 Kg7 32. h4 Rb4 33. Kh2 Qb7
34. g3 Rb2 35. Rxb2 Qxb2 36. Bd1 Qa1 37. Kg2 Nfd7 38. Kf2 Nb6 39. Be2 Qb2 40.
Nb5 Qxc2 41. Nxd6 Nba4 42. Kg1 Nb3 43. Nb5 Nb2 44. Na3 Qc5 45. Qxc5 Nxc5 46.
Kf2 f5 47. exf5 gxf5 48. Ke3 Kf6 49. Nb5 Nba4 50. Nd6 Nb6 51. Ne8+ Ke7 52. Ng7
f4+ 53. Kf2 fxg3+ 54. Kxg3 Nxd5 55. Nxh5 Kf7 56. Bc4 Kg6 57. Bxd5 Kxh5 58. Bc4
Nb7 59. Be2 Nc5 60. Kh3 Kg6 {ZÜ} 0-1

[Event "2BLS 1920 TSV Schönaich - SV 1947 Wall"]
[Site "?"]
[Date "2020.02.08"]
[Round "7.8"]
[White "Reck, Moritz"]
[Black "Fichter, Fabian"]
[Result "0-1"]
[WhiteElo "2110"]
[BlackElo "2263"]
[PlyCount "100"]
[EventDate "2020.??.??"]

1. e4 c5 2. Nc3 e6 3. g3 Nc6 4. Bg2 Nf6 5. d3 Be7 6. f4 d5 7. e5 Nd7 8. Nf3 b5
9. O-O Rb8 10. Ne2 g6 11. c3 b4 12. c4 Nb6 13. b3 a5 14. Be3 O-O 15. Rc1 d4 16.
Bf2 Bb7 17. g4 a4 18. f5 exf5 19. gxf5 gxf5 20. Bg3 Kh8 21. Nd2 Bg5 22. Rxf5
Be3+ 23. Kh1 Ne7 24. Bh4 Bxg2+ 25. Kxg2 Qd7 26. Bf6+ Kg8 27. Ng3 Ng6 28. Rc2
Qc6+ 29. Nde4 Nd7 30. Kh3 Rfe8 31. Qh5 Qe6 32. Kg2 Qc6 33. Kf1 axb3 34. axb3
Ra8 35. Ke2 Ra1 36. Qf3 Rea8 37. h4 R8a2 38. Rxa2 Rxa2+ 39. Kf1 Qa6 40. h5 Rb2
41. Ne2 Qa1+ 42. Kg2 Ndxe5 43. Rxe5 Rxe2+ 44. Qxe2 Nf4+ 45. Kg3 Qg1+ 46. Kh4
Qh1+ 47. Kg5 Nxe2+ 48. Kg4 Qg2+ 49. Kh4 Bf2+ 50. Nxf2 Qg3# 0-1

[Event "2BLS 1920 SV 1920 Hofheim - OSG Baden-B"]
[Site "?"]
[Date "2020.02.09"]
[Round "8.1"]
[White "Gozzoli, Yannick"]
[Black "Bernadskiy, Vitaliy"]
[Result "0-1"]
[WhiteElo "2604"]
[BlackElo "2615"]
[PlyCount "82"]
[EventDate "2020.??.??"]

1. d4 Nf6 2. Nf3 e6 3. c4 b6 4. a3 Ne4 5. g3 Bb7 6. Bg2 g6 7. Qc2 Bg7 8. O-O
O-O 9. Ng5 Nd6 10. Bxb7 Nxb7 11. Nf3 c5 12. d5 exd5 13. cxd5 d6 14. Nc3 Nd7 15.
Bd2 a6 16. a4 Ne5 17. Nxe5 dxe5 18. e4 Nd6 19. f3 f5 20. Rae1 Qd7 21. Nd1 Rac8
22. Bc3 fxe4 23. fxe4 b5 24. Rxf8+ Rxf8 25. Kg2 h5 26. axb5 axb5 27. Nf2 b4 28.
Bd2 Qb5 29. Nd3 Rc8 30. Qb1 Kh7 31. h4 Kg8 32. Kf2 Ra8 33. Kg2 Qc4 34. Nf2 Qb3
35. Re3 Qa2 36. Qc1 Qc4 37. Qb1 Rf8 38. Be1 Bh6 39. b3 Qa6 40. Rf3 Rxf3 41.
Kxf3 Qf1 0-1

[Event "2BLS 1920 SV 1920 Hofheim - OSG Baden-B"]
[Site "?"]
[Date "2020.02.09"]
[Round "8.2"]
[White "Sumets, Andrey"]
[Black "Dann, Matthias"]
[Result "1/2-1/2"]
[WhiteElo "2543"]
[BlackElo "2513"]
[PlyCount "70"]
[EventDate "2020.??.??"]

1. Nf3 c5 2. c3 Nf6 3. d4 e6 4. Bf4 b6 5. e3 Be7 6. h3 O-O 7. Nbd2 cxd4 8. cxd4
d6 9. Bd3 Ba6 10. Qe2 Bxd3 11. Qxd3 Nc6 12. O-O Qd7 13. a3 Qb7 14. e4 b5 15.
Rfe1 Rfd8 16. Bg5 h6 17. Bh4 a5 18. Rad1 d5 19. e5 Nd7 20. Nf1 b4 21. a4 b3 22.
Rc1 Bxh4 23. Nxh4 Rdc8 24. Nf3 Qb4 25. N1d2 Nb6 26. Qxb3 Qxb3 27. Nxb3 Nxa4 28.
Rc2 Rcb8 29. Nc1 Nb4 30. Rd2 Ra7 31. Ne2 Rc8 32. Ra1 Nb6 33. b3 a4 34. bxa4
Rxa4 35. Rxa4 Nxa4 1/2-1/2

[Event "2BLS 1920 SV 1920 Hofheim - OSG Baden-B"]
[Site "?"]
[Date "2020.02.09"]
[Round "8.3"]
[White "Bellahcene, Bilel"]
[Black "Ginsburg, Gennadi"]
[Result "1-0"]
[WhiteElo "2510"]
[BlackElo "2406"]
[PlyCount "79"]
[EventDate "2020.??.??"]

1. e4 c5 2. Nf3 d6 3. d4 cxd4 4. Nxd4 Nf6 5. Nc3 Bd7 6. Bg5 e6 7. Qd2 h6 8.
Bxf6 Qxf6 9. O-O-O a6 10. f4 Nc6 11. Nf3 g5 12. g3 O-O-O 13. Qe3 gxf4 14. gxf4
Rg8 15. e5 dxe5 16. fxe5 Qf5 17. Bd3 Qh5 18. Kb1 Be7 19. Rhf1 Be8 20. a3 Kc7
21. Ne2 Bg5 22. Qf2 Qh3 23. Rg1 Rh8 24. Rdf1 Rxd3 25. cxd3 Be7 26. Rc1 Qf5 27.
Qe3 Kb8 28. Ng3 Qh7 29. Ne4 Qf5 30. Ka1 Bd7 31. Nc5 Rd8 32. Nxa6+ bxa6 33. Qb6+
Ka8 34. Rxc6 Bxc6 35. Qxc6+ Kb8 36. Qb6+ Ka8 37. Qxa6+ Kb8 38. Nd4 Qf2 39. Nc6+
Kc7 40. Rc1 1-0

[Event "2BLS 1920 SV 1920 Hofheim - OSG Baden-B"]
[Site "?"]
[Date "2020.02.09"]
[Round "8.4"]
[White "Womacka, Mathias"]
[Black "Halkias, Stelios"]
[Result "1/2-1/2"]
[WhiteElo "2429"]
[BlackElo "2564"]
[PlyCount "70"]
[EventDate "2020.??.??"]

1. e4 c5 2. Nf3 Nc6 3. d4 cxd4 4. Nxd4 e5 5. Nb5 d6 6. c4 g6 7. N1c3 a6 8. Na3
Bg7 9. Be2 Nf6 10. Nc2 O-O 11. Be3 Be6 12. O-O Rc8 13. Qd2 Ne7 14. Na3 Nc6 15.
Nc2 Na5 16. b3 b5 17. Rfd1 bxc4 18. b4 Nc6 19. Qxd6 Nd4 20. Qxa6 Ra8 21. Qb7
Ne8 22. Nxd4 exd4 23. e5 Nd6 24. Qf3 dxe3 25. Qxe3 Nf5 26. Rxd8 Nxe3 27. Rxa8
Rxa8 28. fxe3 Bxe5 29. Rc1 Ra3 30. Nb5 Rxa2 31. Bxc4 Bxc4 32. Rxc4 Ra1+ 33. Kf2
Bxh2 34. g4 Kg7 35. Nc3 Be5 1/2-1/2

[Event "2BLS 1920 SV 1920 Hofheim - OSG Baden-B"]
[Site "?"]
[Date "2020.02.09"]
[Round "8.6"]
[White "Zude, Arno"]
[Black "Martin, Julian"]
[Result "1/2-1/2"]
[WhiteElo "2363"]
[BlackElo "2389"]
[PlyCount "72"]
[EventDate "2020.??.??"]

1. e4 c5 2. Nf3 d6 3. d4 cxd4 4. Nxd4 Nf6 5. Nc3 a6 6. f3 e5 7. Nb3 Be6 8. Be3
h5 9. Nd5 Bxd5 10. exd5 Nbd7 11. Qd2 g6 12. c4 b6 13. Be2 Bg7 14. O-O O-O 15.
Rac1 Kh7 16. Na1 e4 17. f4 b5 18. b3 Ng4 19. Bxg4 hxg4 20. cxb5 axb5 21. Rc6
Nc5 22. b4 Nd3 23. Nb3 Ra4 24. Bb6 Qd7 25. f5 Rc8 26. Rxc8 Qxc8 27. Qg5 Ne5 28.
fxg6+ fxg6 29. Qh4+ Kg8 30. Rc1 Qb8 31. Bc7 Qa7+ 32. Kh1 Nd3 33. Qd8+ Bf8 34.
Qf6 Bg7 35. Qd8+ Bf8 36. Qf6 Bg7 1/2-1/2

[Event "2BLS 1920 SV 1920 Hofheim - OSG Baden-B"]
[Site "?"]
[Date "2020.02.09"]
[Round "8.7"]
[White "Schmaltz, Roland"]
[Black "Daub, Wolfgang"]
[Result "1-0"]
[WhiteElo "2447"]
[BlackElo "2054"]
[PlyCount "63"]
[EventDate "2020.??.??"]

1. e4 e5 2. Nf3 Nc6 3. Bb5 f5 4. Nc3 Nd4 5. Nxe5 Qf6 6. f4 c6 7. Bd3 Bc5 8. Nf3
fxe4 9. Nxe4 Qe7 10. Ne5 Nf6 11. Nxc5 Qxc5 12. c3 d6 13. cxd4 Qxd4 14. Qe2 dxe5
15. Qxe5+ Qxe5+ 16. fxe5 Nd5 17. O-O Be6 18. a3 Ke7 19. Be4 h6 20. d4 Rac8 21.
Bd2 Kd7 22. Rf3 Rhf8 23. Raf1 Rxf3 24. Rxf3 c5 25. dxc5 Rxc5 26. Rd3 Kc6 27. b3
a5 28. h4 a4 29. Be3 Rb5 30. b4 b6 31. Bd2 Kc7 32. Rg3 1-0

[Event "2BLS 1920 SV 1920 Hofheim - OSG Baden-B"]
[Site "?"]
[Date "2020.02.09"]
[Round "8.8"]
[White "Bajorski, Marius"]
[Black "Trifan, Andrei Ioan"]
[Result "0-1"]
[WhiteElo "1937"]
[BlackElo "2253"]
[PlyCount "60"]
[EventDate "2020.??.??"]

1. d4 Nf6 2. Nc3 d5 3. Bf4 g6 4. e3 Bg7 5. h4 c5 6. Nb5 Na6 7. c3 Bf5 8. Nf3
O-O 9. Ne5 h5 10. Bd3 Bxd3 11. Qxd3 Nd7 12. Nxg6 fxg6 13. Qxg6 Qb6 14. Qxh5
Qxb5 15. Qxd5+ Rf7 16. h5 Qc6 17. Qg5 Kh7 18. O-O-O Rg8 19. Qh4 cxd4 20. h6 Bf6
21. Qh5 Rg6 22. exd4 Nb4 23. Qf5 e6 24. Qb1 Nd5 25. Bd2 Bxd4 26. f3 Bf6 27. Rh3
Ne5 28. Rg3 Qc4 29. Bg5 Bxg5+ 30. Rxg5 Qf4+ 0-1

[Event "2BLS 1920 SC Heusenstamm - SC Emmending"]
[Site "?"]
[Date "2020.02.09"]
[Round "8.1"]
[White "Sasikiran, Krishnan"]
[Black "Michalik, Peter"]
[Result "1/2-1/2"]
[WhiteElo "2648"]
[BlackElo "2582"]
[PlyCount "75"]
[EventDate "2020.??.??"]

1. e4 e5 2. Nf3 Nc6 3. Bb5 a6 4. Ba4 Nf6 5. O-O Be7 6. Re1 b5 7. Bb3 O-O 8. a4
Bb7 9. d3 d6 10. Nbd2 Nd7 11. c3 Nc5 12. axb5 axb5 13. Rxa8 Qxa8 14. Bc2 b4 15.
d4 bxc3 16. bxc3 Nd7 17. Nf1 Qa1 18. d5 Ncb8 19. Ne3 Nc5 20. Nf5 Bf6 21. g4 Bc8
22. g5 Bd8 23. c4 Nba6 24. Re3 Qa2 25. Ra3 Qxc4 26. Nd2 Qb4 27. Qh5 Nxe4 28.
Bxe4 g6 29. Qh6 Bxf5 30. Bxf5 gxf5 31. Rh3 Qg4+ 32. Kh1 Qd1+ 33. Kg2 Qg4+ 34.
Rg3 Qd4 35. Rh3 Qg4+ 36. Rg3 Qd4 37. Nf3 Qe4 38. g6 1/2-1/2

[Event "2BLS 1920 SC Heusenstamm - SC Emmending"]
[Site "?"]
[Date "2020.02.09"]
[Round "8.2"]
[White "Krejci, Jan"]
[Black "Bauer, Christian"]
[Result "1/2-1/2"]
[WhiteElo "2559"]
[BlackElo "2630"]
[PlyCount "26"]
[EventDate "2020.??.??"]

1. Nf3 d5 2. d4 Nf6 3. Bf4 Bf5 4. e3 e6 5. Bd3 Bxd3 6. Qxd3 Nbd7 7. c4 Bd6 8.
cxd5 Nxd5 9. Bg5 Be7 10. Bxe7 Qxe7 11. Nc3 O-O 12. O-O c6 13. Rac1 Rfe8 1/2-1/2

[Event "2BLS 1920 SC Heusenstamm - SC Emmending"]
[Site "?"]
[Date "2020.02.09"]
[Round "8.3"]
[White "Baklan, Vladimir"]
[Black "Sadzikowski, Daniel"]
[Result "1-0"]
[WhiteElo "2589"]
[BlackElo "2514"]
[PlyCount "69"]
[EventDate "2020.??.??"]

1. e4 c5 2. Nf3 d6 3. d4 cxd4 4. Nxd4 Nf6 5. Nc3 a6 6. h3 e6 7. g4 h6 8. Bg2
Be7 9. b3 Bd7 10. Bb2 Nc6 11. Nde2 b5 12. Qd2 Rc8 13. Ng3 Qc7 14. O-O-O Ne5 15.
f4 Ng6 16. Kb1 Bc6 17. Rhg1 Bb7 18. Bh1 Nh4 19. Nh5 Nxh5 20. gxh5 Bf6 21. Rg3
e5 22. Rd3 exf4 23. Nd5 Bxd5 24. Bxf6 gxf6 25. exd5 Nf5 26. Qxf4 Qxc2+ 27. Ka1
Ne7 28. Qxf6 Kd7 29. Bf3 Rhg8 30. Bg4+ Rxg4 31. hxg4 Qe2 32. Qxf7 Kd8 33. Qe6
Qxe6 34. dxe6 d5 35. Kb2 1-0

[Event "2BLS 1920 SC Heusenstamm - SC Emmending"]
[Site "?"]
[Date "2020.02.09"]
[Round "8.4"]
[White "Polak, Tomas"]
[Black "Hera, Imre Jr"]
[Result "1/2-1/2"]
[WhiteElo "2554"]
[BlackElo "2621"]
[PlyCount "48"]
[EventDate "2020.??.??"]

1. d4 d5 2. c4 c6 3. Nc3 dxc4 4. e4 b5 5. a4 b4 6. Nce2 e6 7. Ng3 Ba6 8. Nf3
Nf6 9. Bg5 Qa5 10. Rc1 c3 11. bxc3 bxc3 12. Qb3 Nbd7 13. Bxa6 Qxa6 14. Qxc3 c5
15. Qc4 Qxc4 16. Rxc4 cxd4 17. Nxd4 Nb6 18. Rc2 Nxa4 19. O-O Bd6 20. Nb5 Bxg3
21. hxg3 O-O 22. Bxf6 gxf6 23. Ra1 Nb6 24. Rxa7 Rxa7 1/2-1/2

[Event "2BLS 1920 SC Heusenstamm - SC Emmending"]
[Site "?"]
[Date "2020.02.09"]
[Round "8.5"]
[White "Shevchenko, Kirill"]
[Black "Wieczorek, Oskar"]
[Result "1/2-1/2"]
[WhiteElo "2580"]
[BlackElo "2499"]
[PlyCount "55"]
[EventDate "2020.??.??"]

1. e4 c5 2. Nf3 d6 3. d4 cxd4 4. Nxd4 Nf6 5. Nc3 Nc6 6. Bg5 e6 7. Qd3 Qb6 8.
O-O-O Qxd4 9. Qxd4 Nxd4 10. Rxd4 a6 11. f3 Bd7 12. Na4 Rd8 13. Nb6 Bc6 14. Nc4
Be7 15. Na5 Rc8 16. Rb4 Kd7 17. Nxc6 Kxc6 18. Rb3 Rc7 19. a4 Kd7 20. Bd2 Kc8
21. Bc3 Rg8 22. Be2 Nd7 23. Rd1 g5 24. Bb4 Rc6 25. a5 h5 26. Rbd3 Kc7 27. g3 h4
28. Bc3 1/2-1/2

[Event "2BLS 1920 SC Heusenstamm - SC Emmending"]
[Site "?"]
[Date "2020.02.09"]
[Round "8.6"]
[White "Poetsch, Hagen"]
[Black "Korpa, Bence"]
[Result "1/2-1/2"]
[WhiteElo "2531"]
[BlackElo "2541"]
[PlyCount "26"]
[EventDate "2020.??.??"]

1. e4 c6 2. Nc3 d5 3. Nf3 dxe4 4. Nxe4 Nf6 5. Qe2 Nxe4 6. Qxe4 Qd5 7. Qf4 Qf5
8. d3 Qxf4 9. Bxf4 Bf5 10. O-O-O h6 11. h3 Nd7 12. g4 Bh7 13. Bg2 e6 1/2-1/2

[Event "2BLS 1920 SC Heusenstamm - SC Emmending"]
[Site "?"]
[Date "2020.02.09"]
[Round "8.7"]
[White "Sokolov, Andrei"]
[Black "Klekowski, Maciej"]
[Result "1/2-1/2"]
[WhiteElo "2490"]
[BlackElo "2507"]
[PlyCount "88"]
[EventDate "2020.??.??"]

1. e4 c5 2. Na3 e6 3. c3 Nc6 4. Nf3 d5 5. e5 f6 6. Bb5 Bd7 7. O-O fxe5 8. Bxc6
bxc6 9. Nxe5 Nf6 10. d3 Bd6 11. f4 O-O 12. Nc2 Qc7 13. Be3 Be8 14. Qe1 Nd7 15.
d4 Bxe5 16. dxe5 Bg6 17. Qd2 a5 18. Ne1 a4 19. Nf3 c4 20. a3 c5 21. Rae1 Rab8
22. Rf2 Qc6 23. Nh4 Be4 24. Qd1 Rf7 25. Qg4 Rbf8 26. Nf3 h6 27. Nd2 Bd3 28. Nf3
Nb6 29. Nh4 Kh7 30. Qh3 d4 31. cxd4 cxd4 32. Bxd4 Rxf4 33. Rxf4 Rxf4 34. Nf3
Bf5 35. Qg3 Nd5 36. h3 Qb7 37. Kh2 Be4 38. Nd2 Bd3 39. Nf3 Be4 40. Nd2 Bd3 41.
Nf3 Rf5 42. Qf2 Qf7 43. Qd2 g5 44. Bf2 Qg6 1/2-1/2

[Event "2BLS 1920 SC Heusenstamm - SC Emmending"]
[Site "?"]
[Date "2020.02.09"]
[Round "8.8"]
[White "Barski, Radoslaw"]
[Black "Lodici, Lorenzo"]
[Result "1-0"]
[WhiteElo "2444"]
[BlackElo "2492"]
[PlyCount "47"]
[EventDate "2020.??.??"]

1. d4 Nf6 2. c4 e6 3. Nc3 Bb4 4. f3 c5 5. d5 d6 6. e4 b5 7. Nge2 O-O 8. Nf4 e5
9. Nfe2 Nh5 10. Be3 f5 11. exf5 Qh4+ 12. g3 Qxc4 13. a3 Rxf5 14. axb4 Rxf3 15.
Qd2 cxb4 16. Nd1 Rf8 17. Bg2 a5 18. Nf2 Nd7 19. Rc1 Qb3 20. Rc6 Nhf6 21. Nc1
Qa4 22. O-O Rd8 23. b3 Qa1 24. Na2 1-0

[Event "2BLS 1920 SV Worms 1878 - SF Neuberg"]
[Site "?"]
[Date "2020.02.09"]
[Round "8.1"]
[White "Lubbe, Nikolas"]
[Black "Karsay, Pascal"]
[Result "0-1"]
[WhiteElo "2453"]
[BlackElo "2290"]
[PlyCount "94"]
[EventDate "2020.??.??"]

1. Nf3 Nf6 2. b3 d5 3. e3 g6 4. Bb2 Bg7 5. c4 e6 6. Be2 O-O 7. O-O b6 8. cxd5
exd5 9. Nc3 Bb7 10. Rc1 Nbd7 11. d4 Rc8 12. Nb5 a6 13. Na7 Ra8 14. Nc6 Bxc6 15.
Rxc6 Ra7 16. Qa1 Ne4 17. Rc2 f6 18. Ne1 Re8 19. Nd3 Nb8 20. g3 Bf8 21. Bf3 Bd6
22. Bg2 c6 23. Qc1 Rae7 24. Rxc6 Nxc6 25. Qxc6 Bc7 26. Nb4 Rd7 27. Nxa6 Kg7 28.
Rc1 Bd6 29. Rc2 f5 30. Bf1 Nf6 31. Bb5 Ra7 32. a4 Re6 33. Qc3 h5 34. Qd3 h4 35.
Qf1 hxg3 36. hxg3 g5 37. Rc6 Rae7 38. Qh3 g4 39. Qg2 Ne4 40. Bd3 Bxg3 41. Rxe6
Bxf2+ 42. Kf1 Rxe6 43. Bxe4 fxe4 44. Kxf2 Qf6+ 45. Kg1 Qf3 46. Nc7 Rh6 47. Nxd5
g3 0-1

[Event "2BLS 1920 SV Worms 1878 - SF Neuberg"]
[Site "?"]
[Date "2020.02.09"]
[Round "8.2"]
[White "Helbig, Daniel"]
[Black "Lubbe, Melanie"]
[Result "0-1"]
[WhiteElo "2232"]
[BlackElo "2227"]
[PlyCount "106"]
[EventDate "2020.??.??"]

1. c4 Nf6 2. Nc3 g6 3. d4 Bg7 4. e4 d6 5. f4 O-O 6. Nf3 c5 7. d5 Bg4 8. Bd3 e6
9. O-O exd5 10. cxd5 Nbd7 11. h3 Bxf3 12. Qxf3 Rc8 13. Bc2 Qa5 14. a4 a6 15.
Bd2 c4 16. Kh1 Nc5 17. Nb1 Qd8 18. a5 Re8 19. Nc3 Nfd7 20. Nd1 Nb3 21. Bxb3
cxb3 22. Bc3 Rc4 23. Bxg7 Kxg7 24. Nc3 Qh4 25. Ra4 Rxa4 26. Nxa4 Qf6 27. Qxb3
Rxe4 28. Qxb7 Rxa4 29. Qxd7 Rxa5 30. Qc6 Ra2 31. Rf2 Qd4 32. Qc2 Ra1+ 33. Kh2
Rd1 34. Qe2 a5 35. f5 Qe5+ 36. Qxe5+ dxe5 37. f6+ Kh6 38. Rc2 Kg5 39. Rc5 a4
40. Ra5 Rd4 41. d6 Kxf6 42. d7 Rxd7 43. Rxa4 Kf5 44. Rb4 e4 45. Kg3 Ke5 46. Rb8
f5 47. Re8+ Kd4 48. Kf4 Kd3 49. b4 Rb7 50. Rd8+ Ke2 51. g4 e3 52. gxf5 Rxb4+
53. Kg5 gxf5 0-1

[Event "2BLS 1920 SV Worms 1878 - SF Neuberg"]
[Site "?"]
[Date "2020.02.09"]
[Round "8.3"]
[White "Wahedi, Ahmad Siar"]
[Black "Feldmann, Johannes"]
[Result "1-0"]
[WhiteElo "2265"]
[BlackElo "2196"]
[PlyCount "85"]
[EventDate "2020.??.??"]

1. Nf3 Nf6 2. g3 g6 3. Bg2 Bg7 4. c4 O-O 5. O-O d6 6. d3 Nc6 7. Nc3 Bf5 8. Rb1
a5 9. a3 Qd7 10. Re1 e5 11. Bg5 h6 12. Bxf6 Bxf6 13. b4 axb4 14. axb4 Bg7 15.
b5 Nd4 16. Nd2 Ra3 17. Qc1 Rxc3 18. Qxc3 e4 19. Qa5 b6 20. Qa7 exd3 21. e3 Ne2+
22. Kf1 Bc3 23. Red1 Bh3 24. Qb7 Bg7 25. Ne4 Qe6 26. Rxd3 Qxc4 27. Qd5 Qxd5 28.
Rxd5 Bxg2+ 29. Kxg2 f5 30. Kf1 fxe4 31. Kxe2 Re8 32. Rc1 Re7 33. Rc4 Kf7 34. h4
Ke8 35. Kf1 Kd7 36. Kg2 Bf6 37. Kh3 Kd8 38. Kg4 Kd7 39. h5 gxh5+ 40. Kxh5 Bg5
41. Rf5 Ke6 42. g4 Kd7 43. Kg6 1-0

[Event "2BLS 1920 SV Worms 1878 - SF Neuberg"]
[Site "?"]
[Date "2020.02.09"]
[Round "8.4"]
[White "Steinkohl, Thomas"]
[Black "Schaffer, Hendrik"]
[Result "0-1"]
[WhiteElo "2202"]
[BlackElo "2259"]
[PlyCount "106"]
[EventDate "2020.??.??"]

1. c4 g6 2. g3 Bg7 3. Bg2 Nf6 4. Nc3 O-O 5. e4 d6 6. Nge2 Nc6 7. O-O a6 8. d4
Rb8 9. Rb1 Na5 10. Qd3 c5 11. dxc5 Be6 12. cxd6 Bxc4 13. Qd2 e5 14. b3 Be6 15.
Ba3 b5 16. Bb4 Nc6 17. Bc5 Qd7 18. f4 Rfd8 19. f5 gxf5 20. exf5 Bxf5 21. Rxf5
Qxf5 22. Bxc6 b4 23. Rf1 bxc3 24. Nxc3 Qg6 25. Ba7 Bh6 26. Qe1 Rxd6 27. Bxb8
Rxc6 28. Bxe5 Re6 29. Rxf6 Qxf6 30. Bxf6 Rxe1+ 31. Kf2 Rc1 32. Ke2 Rc2+ 33. Kd3
Rxh2 34. Ne2 Kf8 35. b4 Rf2 36. Bd4 Rf3+ 37. Kc2 Be3 38. Be5 Ke7 39. a4 f6 40.
Bb8 Kd7 41. b5 axb5 42. axb5 Rf5 43. Kd3 Rxb5 44. Kxe3 Rxb8 45. Kf4 Ke7 46. Kf5
Rg8 47. g4 Rg5+ 48. Kf4 h5 49. gxh5 Rxh5 50. Ng3 Ra5 51. Ne2 Kd6 52. Nd4 Ra4
53. Ke4 Kc5 0-1

[Event "2BLS 1920 SV Worms 1878 - SF Neuberg"]
[Site "?"]
[Date "2020.02.09"]
[Round "8.5"]
[White "Overbeck, Thorsten"]
[Black "Ollenberger, Roland"]
[Result "1/2-1/2"]
[WhiteElo "2280"]
[BlackElo "2254"]
[PlyCount "64"]
[EventDate "2020.??.??"]

1. d4 g6 2. c4 Bg7 3. e4 d6 4. Nc3 Nc6 5. Be3 e5 6. d5 Nce7 7. c5 f5 8. cxd6
cxd6 9. Bb5+ Kf7 10. Nge2 Nf6 11. f3 a6 12. Ba4 b5 13. Bc2 f4 14. Bf2 g5 15.
Qd3 Bd7 16. a4 Qc7 17. O-O Qb7 18. axb5 axb5 19. b4 Rxa1 20. Rxa1 Ra8 21. Qd1
Ne8 22. Bd3 Nc7 23. Ra5 Nc8 24. Qa1 Bf6 25. h3 Rb8 26. Nc1 Bd8 27. Nb3 Ne8 28.
Ra6 h5 29. Qa2 Nf6 30. Ra3 Bb6 31. Bxb6 Qxb6+ 32. Qf2 Qc7 1/2-1/2

[Event "2BLS 1920 SV Worms 1878 - SF Neuberg"]
[Site "?"]
[Date "2020.02.09"]
[Round "8.6"]
[White "Schluchter, Steffen"]
[Black "Lutz, Klaus-Juergen"]
[Result "0-1"]
[WhiteElo "2114"]
[BlackElo "2235"]
[PlyCount "46"]
[EventDate "2020.??.??"]

1. d4 f5 2. Bg5 g6 3. e3 Bg7 4. Bd3 d6 5. h4 Nc6 6. h5 h6 7. Bh4 g5 8. Bg3 Nf6
9. c3 O-O 10. Qc2 e6 11. f4 Nd5 12. Qf2 gxf4 13. exf4 e5 14. Bc4 Be6 15. fxe5
dxe5 16. dxe5 f4 17. Bh4 Qe8 18. Nd2 Ne3 19. Bxe6+ Qxe6 20. Ndf3 Nxe5 21. Nxe5
Qxe5 22. Nf3 Qe4 23. Rc1 Rae8 0-1

[Event "2BLS 1920 SV Worms 1878 - SF Neuberg"]
[Site "?"]
[Date "2020.02.09"]
[Round "8.7"]
[White "Sergin, Mark"]
[Black "Martin, Mike"]
[Result "1-0"]
[WhiteElo "2225"]
[BlackElo "2150"]
[PlyCount "67"]
[EventDate "2020.??.??"]

1. e4 c5 2. Nc3 e6 3. Nf3 Nc6 4. d4 cxd4 5. Nxd4 Qc7 6. g3 Nf6 7. Ndb5 Qb8 8.
Bf4 e5 9. Bg5 a6 10. Bxf6 axb5 11. Bg5 b4 12. Nd5 Bc5 13. Be3 b6 14. Qg4 Kf8
15. Bc4 d6 16. Qh4 Be6 17. O-O Ra7 18. Bxc5 bxc5 19. f4 exf4 20. gxf4 Qd8 21.
Qf2 Na5 22. f5 Qg5+ 23. Kh1 Bxf5 24. exf5 Nxc4 25. Qe2 Ne5 26. f6 gxf6 27. Nxf6
Re7 28. Qa6 Re6 29. Ne4 Qd8 30. Rad1 Qb8 31. Nxc5 Re7 32. Qxd6 Qxd6 33. Rxd6
Ng6 34. Ne6+ 1-0